Statistics for Word Scramble - Japanese Cities

Click here to take the quiz!

General Stats

  • This quiz has been taken 58 times
  • The average score is 11 of 21

Answer Stats

City% Correct
Kyoto
96%
Tokyo
96%
Kobe
89%
Osaka
83%
Sapporo
74%
Nagoya
70%
Nagasaki
69%
Yokohama
67%
Fukuoka
65%
Hiroshima
61%
Kawasaki
61%
Chiba
52%
Sendai
44%
Sakai
39%
Niigata
33%
Saitama
33%
Kumamoto
24%
Okayama
24%
Kitakyushu
22%
Hamamatsu
17%
Sagamihara
7%

Score Distribution

Percentile by Number Answered

Percent of People with Each Score

Your Score History

You have not taken this quiz